Responses for Show #3849 - Thursday, May 3, 2001

2001 Teen Tournament quarterfinal game 4.
From the Pennsylvania Convention Center in Philadelphia.

Contestants

[<< previous game]

Nicole Reimer, a junior from Columbus, Ohio

Colleen Mahoney, a sophomore from East Hampton, Connecticut

Tom Hartmann, a junior from San Antonio, Texas

[next game >>]

Jeopardy! Round responses

3 RIVERS
SITCOMS
ZOOLOGY
CREAM CHEESE
HISTORIC DATES
KIDS SAY THE DARNEDEST THINGS
    $100 17
the Seine (through Paris)

Colleen
    $100 1
Queens

Tom
    $100 6
its tail

Tom
    $100 10
United States

Triple Stumper
    $100 11
July 4th

Colleen
    $100 23
(Alex: And we'll leave it right there, Nicole!)

braces

Nicole
    $200 18
the Mackenzie

Colleen
    $200 2
David Spade

Tom
    $200 7
catfish

Tom
    $200 22
Danish

Colleen
    $200 12
(Nicole: Who is...[time]?)

Yasser Arafat

TomNicole
    $200 24
(Tom: What is kissing?)
...
(Alex: [A bit speechless] Minute to go.)

skateboarding

Tom
Triple Stumper
    $300 19
the Ganges

Nicole
    $300 3
(Tom: Who is Drew Carey?)

The Drew Carey Show

Tom
    $300 8
sponge

Nicole
    $300 28
bricks

Colleen
    $1,000 14
Marie Curie

Colleen
    $300 25
blows

Colleen
    $400 20
the St. Lawrence (Canada & the U.S.)

Colleen
    $400 4
(Alex: Tom, you've been watching a lot of television!)

the Solomons

Tom
    $400 9
combs

Colleen
    $400 29
Heaven

Tom
    $400 15
Bunker Hill

Colleen
    $400 26
rent

Tom
    $500 21
(Colleen: What is the Tagus?)

the Tarsus

ColleenNicole
    $500 5
Central Perk

Tom
    $500 13
centipede

Colleen
    $500 30
blintz

Triple Stumper
    $500 16
Francisco Pizarro

Triple Stumper
    $500 27
pizza

Tom

Scores at the first commercial break (after clue 14):

Tom Colleen Nicole
$2,000 $2,000 $100

Scores at the end of the Jeopardy! Round:

Tom Colleen Nicole
$3,100 $3,400 $1,000

Double Jeopardy! Round responses

AMERICAN LITERATURE
THAT STINKS!
(Alex: Yeah, I suppose it does!)
GOVERNMENT & POLITICS
PHILADELPHIANS
BALLET
"OFF"ERINGS
    $200 1
(Nicole: Who is Jim?)

Huck Finn

TomNicole
    $200 14
(Alex: You hope it's that, not something else!)

formaldehyde

Tom
    $200 17
the Supreme Court

Nicole
    $200 7
Ronald McDonald

Tom
    $200 4
Adam & Eve

Nicole
    $200 8
Oval Office

Nicole
    $400 2
Moby Dick

Tom
    $400 15
stinkbug

Nicole
    $400 18
Environmental Protection Agency

Tom
    $400 16
Boyz II Men

Colleen
    $400 13
a doll

Tom
    $400 9
off the record

Tom
    $600 3
"The Catcher in the Rye"

Colleen
    $600 19
sulphur

Nicole
    $1,000 20
(Nicole: What is $100,000?)

$400,000

Nicole
    $600 23
[Franklin lookalike approves from the audience.]
....
(Alex: We have a minute to go.)

Benjamin Franklin

Nicole
    $600 26
Copenhagen

Colleen
    $600 10
offbeat

Nicole
    $800 5
Sleepy Hollow

Nicole
    $800 29
smelling salts

Colleen
    $800 21
Fifth Amendment

Nicole
    $800 24
Margaret Mead

Triple Stumper
    $800 27
Macaulay Culkin

Colleen
    $800 11
(Tom: Who is Green Day?)

The Offspring

TomNicole
    $800 6
White Fang

Nicole
    $1000 30
(Nicole: What is Borneo?)
(Colleen: What is Madagascar?)

Indonesia

ColleenNicole
Triple Stumper
    $1000 22
Andrew Jackson

Triple Stumper
    $1000 25
fool the eye

Colleen
    $1000 28
Tennessee Williams

Tom
    $1000 12
off-Broadway

Colleen

Scores at the end of the Double Jeopardy! Round:

Tom Colleen Nicole
$5,500 $7,600 $4,800

Final Jeopardy! Round responses

CANADIAN CITIES
NicoleWhat is Quebec?
$3,000
TomWhat is Vancouver
$3,000
ColleenWhat is Charletown?
$3,500
Regina, Saskatchewan

Final scores:

Tom Colleen Nicole
$2,500 $4,100 $1,800
2nd place: $2,500 if eliminated Automatic semifinalist 3rd place: $2,500 if eliminated

Game dynamics:

Coryat scores:

Tom Colleen Nicole
$5,500 $6,900 $6,000
19 R,
2 W
18 R
(including 1 DD),
2 W
15 R
(including 1 DD),
4 W
(including 1 DD)

Combined Coryat: $18,400

[game clues] [game scores] [suggest correction]

Game tape date: 2001-04-11
The J! Archive is created by fans, for fans. Scraping, republication, monetization, and malicious use prohibited; this site may use cookies and collect identifying information. See terms. The Jeopardy! game show and all elements thereof, including but not limited to copyright and trademark thereto, are the property of Jeopardy Productions, Inc. and are protected under law. This website is not affiliated with, sponsored by, or operated by Jeopardy Productions, Inc. Join the discussion at JBoard.tv.